[Event "AUTO-OPEN-1587"]
[Site "http://www.queenalice.com/game.php?id=602892"]
[Date "2009.6.14"]
[Round "1"]
[White "ajitroyal"]
[Black "vila1"]
[Result "1-0"]
[WhiteElo "2028"]
[BlackElo "1732"]

1. e4 c6 2. d4 d5 3. Nc3 dxe4 4. Nxe4 Bf5 5. Ng3 Bg6 6. Bc4 e6 7. Nf3 Nf6 8. O-O
h6 9. Ne5 Bh7 10. c3 Nd5 11. Qf3 f6 12. Qh5+ Ke7 13. Qf7+ Kd6 14. b3 fxe5 15.
Ba3+ c5 16. Bxc5+ Kc6 17. Qxe6+ Kc7 18. Qxe5+ Bd6 19. Bxd6+ Qxd6 20. Qxg7+ 1-0

[Event "AUTO-OPEN-1587"]
[Site "http://www.queenalice.com/game.php?id=602911"]
[Date "2009.6.14"]
[Round "1"]
[White "alesciulli"]
[Black "ajitroyal"]
[Result "0-1"]
[WhiteElo "1904"]
[BlackElo "2063"]

1. d4 e6 2. Nf3 d5 3. c4 dxc4 4. e3 b5 5. Nc3 Bb4 6. Bd2 a6 7. a4 Bxc3 8. Bxc3
Bb7 9. axb5 axb5 10. Rxa8 Bxa8 11. b3 Bd5 12. Nd2 Nf6 13. bxc4 bxc4 14. Bxc4 O-O
15. Qb3 Bxg2 16. Rg1 Be4 17. f3 Bg6 18. e4 Nc6 19. d5 exd5 20. exd5 Ne7 21. Bxf6
gxf6 22. Ne4 Nf5 23. Qc3 Re8 24. Kf2 Re5 25. Re1 Kf8 26. Qb4+ Qe7 27. Qd2 Ng7
28. Rb1 Bxe4 29. Rb8+ Ne8 30. Bb5 Qc5+ 31. Kg3 Qg1+ 0-1

[Event "AUTO-OPEN-1587"]
[Site "http://www.queenalice.com/game.php?id=602912"]
[Date "2009.6.14"]
[Round "1"]
[White "ajitroyal"]
[Black "alesciulli"]
[Result "1-0"]
[WhiteElo "2093"]
[BlackElo "1982"]

1. e4 e5 2. Nf3 Nc6 3. Bb5 a6 4. Bxc6 dxc6 5. O-O Bd6 6. c3 f5 7. d4 Qe7 8. dxe5
Bxe5 9. exf5 Bxh2+ 10. Kxh2 Qd6+ 11. Qxd6 1-0

[Event "AUTO-OPEN-1587"]
[Site "http://www.queenalice.com/game.php?id=602923"]
[Date "2009.6.14"]
[Round "1"]
[White "ajitroyal"]
[Black "fabke007"]
[Result "0-1"]
[WhiteElo "2083"]
[BlackElo "2051"]

1. e4 c5 2. Nf3 d6 3. c3 e5 4. d4 cxd4 5. cxd4 exd4 6. Nxd4 Nf6 7. Bg5 Be7 8.
Bxf6 Bxf6 9. Nc3 O-O 10. Bc4 Qb6 11. Nb3 Be6 12. Bd5 Nd7 13. O-O Rac8 14. Rc1
Bxc3 15. Rxc3 Rxc3 16. bxc3 Nc5 17. Qc2 Re8 18. Rb1 Bxd5 19. exd5 Qc7 20. Nxc5
Qxc5 21. c4 b6 22. Qa4 Re2 23. Rf1 a5 24. g3 g6 25. Qb3 Re4 26. Rc1 Qd4 27. Qc3
Qxc3 28. Rxc3 Re2 29. a3 Rb2 30. Kg2 a4 31. Kf3 Rb3 32. Re3 Kg7 33. h4 h5 34.
Ke4 Kf6 35. f3 g5 36. hxg5+ Kxg5 37. Kd4 f5 38. Rxb3 axb3 39. Kc3 f4 0-1

[Event "AUTO-OPEN-1587"]
[Site "http://www.queenalice.com/game.php?id=602924"]
[Date "2009.6.14"]
[Round "1"]
[White "fabke007"]
[Black "ajitroyal"]
[Result "1-0"]
[WhiteElo "2085"]
[BlackElo "2067"]

1. e4 c5 2. Nf3 Nc6 3. g3 b6 4. Bg2 Ba6 5. d3 g6 6. O-O Bg7 7. Be3 Bxb2 8. Nbd2
Bxa1 9. Qxa1 Nf6 10. e5 Nd5 11. e6 Nf6 12. exf7+ Kxf7 13. Ng5+ Kg7 14. Bd5 Qc8
15. Nf7 Rf8 16. Bh6+ 1-0

[Event "AUTO-MASTER-756"]
[Site "http://www.queenalice.com/game.php?id=603750"]
[Date "2009.6.15"]
[Round "2"]
[White "jsm"]
[Black "ajitroyal"]
[Result "1/2-1/2"]
[WhiteElo "2071"]
[BlackElo "1997"]

1. Nf3 c5 2. g3 Nc6 3. Bg2 g6 4. O-O Bg7 5. c3 e5 6. e4 Nf6 7. d3 O-O 8. Nbd2 b5
9. a3 d5 10. b4 dxe4 11. dxe4 Qe7 12. Qc2 c4 13. a4 Ba6 14. axb5 Bxb5 15. Ba3
Rfd8 16. Rfd1 Qe8 17. Bf1 a5 18. Bxc4 axb4 19. Bxb4 Nxb4 20. cxb4 Ba4 21. Bb3
Bxb3 22. Qxb3 Rab8 23. Ra7 Rd7 24. Rda1 Rdb7 25. Rxb7 Rxb7 26. Ra5 Qb8 27. Nxe5
Nxe4 28. Ndf3 Nd2 29. Qd5 Nxf3+ 30. Nxf3 Bc3 31. Ne5 Bxe5 32. Qxe5 Qxe5 33. Rxe5
Rxb4 34. f4 Rb2 35. Re1 Kg7 36. Rf1 Kf6 37. Rf2 Rxf2 38. Kxf2 Kf5 39. Kf3 h5 40.
h3 f6 41. g4+ hxg4+ 42. hxg4+ Ke6 43. Ke4 Kd6 44. Kd4 Ke6 45. Ke4 f5+ 46. gxf5+
gxf5+ 47. Kd4 Kd6 48. Kc4 Kc6 49. Kd4 Kd6 50. Kc4 Kc6 51. Kd4 Kd6 1/2-1/2

[Event "AUTO-MASTER-756"]
[Site "http://www.queenalice.com/game.php?id=603751"]
[Date "2009.6.15"]
[Round "2"]
[White "ajitroyal"]
[Black "jsm"]
[Result "0-1"]
[WhiteElo "2011"]
[BlackElo "2057"]

1. e4 e6 2. d4 d5 3. exd5 exd5 4. Nf3 Nf6 5. Bg5 Be7 6. Bd3 O-O 7. O-O Bg4 8.
Re1 Nbd7 9. Nbd2 Re8 10. h3 Bh5 11. c3 c6 12. Qc2 Bg6 13. Re3 Bd6 14. Rae1 Rxe3
15. Rxe3 Qc7 16. Nf1 a5 17. Nh4 Bxd3 18. Qxd3 h6 19. Bxf6 Nxf6 20. Nf5 Bf8 21.
Rg3 Kh8 22. Re3 g6 23. Nh4 Ne4 24. Nd2 Nxd2 25. Qxd2 Qf4 26. Nf3 Bd6 27. Qe2 Kg7
28. g3 Qf5 29. Kg2 g5 30. Nh2 a4 31. a3 Rf8 32. Qh5 Qg6 33. Qxg6+ Kxg6 34. Ng4
h5 35. Ne5+ Bxe5 36. Rxe5 f5 37. Re7 Rf7 38. Rxf7 Kxf7 39. g4 Kg6 40. Kg3 b6 41.
f3 c5 42. dxc5 bxc5 43. f4 fxg4 44. hxg4 h4+ 45. Kf3 gxf4 46. Kxf4 h3 47. Kg3 d4
48. b4 axb3 0-1

[Event "AUTO-MASTER-756"]
[Site "http://www.queenalice.com/game.php?id=603756"]
[Date "2009.6.15"]
[Round "2"]
[White "ajitroyal"]
[Black "johnson_PEBR"]
[Result "1/2-1/2"]
[WhiteElo "2106"]
[BlackElo "2161"]

1. e4 c5 2. Nf3 d6 3. d4 cxd4 4. Nxd4 Nf6 5. Nc3 Nbd7 6. Bc4 a6 7. O-O b5 8. Bb3
Bb7 9. Re1 Nc5 10. Bg5 e6 11. a4 b4 12. Na2 e5 13. Nf3 Ncxe4 14. Bxf6 Qxf6 15.
Bd5 Nc5 16. Nxb4 Qe7 17. Nc6 Qd7 18. b4 Nxa4 19. Ncxe5 dxe5 20. Rxe5+ Be7 21.
Bxf7+ Kd8 22. Qxd7+ Kxd7 23. Rd1+ Bd6 24. Re6 Bxf3 25. gxf3 Rhd8 26. Rdxd6+ Kc7
27. Rxd8 Rxd8 28. Rxa6 Nc3 29. Ra5 Rd1+ 30. Kg2 Ne2 31. Rf5 g6 32. Rc5+ Kb6 33.
Rc4 g5 34. f4 Nxf4+ 35. Rxf4 gxf4 36. c4 Rb1 37. b5 Kc5 38. Kf3 Rf1 39. Bd5 Rh1
40. Kg2 Rc1 41. h4 Rc3 42. h5 h6 43. f3 Rc1 1/2-1/2

[Event "AUTO-MASTER-756"]
[Site "http://www.queenalice.com/game.php?id=603757"]
[Date "2009.6.15"]
[Round "2"]
[White "johnson_PEBR"]
[Black "ajitroyal"]
[Result "1-0"]
[WhiteElo "2175"]
[BlackElo "2122"]

1. e4 c5 2. Nf3 Nc6 3. d4 cxd4 4. Nxd4 g6 5. Be3 Bg7 6. Qd2 Nf6 7. Nc3 O-O 8. f3
e5 9. Ndb5 Ne8 10. Bc5 d6 11. Nxd6 Nxd6 12. Qxd6 Qxd6 13. Bxd6 Rd8 14. O-O-O Be6
15. Be2 Nd4 16. Be7 Rd7 17. Bg5 f6 18. Be3 Rad8 19. Rd2 Nxe2+ 20. Rxe2 b6 21.
Rd1 f5 22. Rxd7 Rxd7 23. Rd2 Kf7 24. Nb5 Re7 25. Nd6+ Kf8 26. c4 Rd7 27. b3 Kg8
28. b4 Bf8 29. c5 Bxd6 30. cxd6 f4 31. Bf2 Kf7 32. Bh4 h6 33. Be7 Bxa2 34. Rxa2
1-0

[Event "QA-ANNIV-05"]
[Site "http://www.queenalice.com/game.php?id=604197"]
[Date "2009.6.15"]
[Round "1"]
[White "Dyggo"]
[Black "ajitroyal"]
[Result "1-0"]
[WhiteElo "2008"]
[BlackElo "2104"]

1. e4 c5 2. Nf3 Nc6 3. d4 cxd4 4. Nxd4 g6 5. Be3 Bg7 6. Nc3 Nf6 7. Bc4 O-O 8. f3
Na5 9. Bb3 b6 10. Qd2 Ba6 11. Ndb5 e6 12. Bg5 Qc8 13. Nd6 Qc6 14. e5 Ne8 15.
Nxe8 Rfxe8 16. Bf6 Nc4 17. Bxc4 Bxc4 18. Qf4 a5 19. Ne4 Ra7 20. Nd6 Rea8 21.
Nxc4 Rc7 22. Ne3 Qb5 23. O-O-O a4 24. Ng4 Rc4 25. Nh6+ Kh8 26. Qg5 Qc6 27. Rd2
Rc8 28. c3 a3 29. Nxf7+ Kg8 30. Nd6 axb2+ 31. Kxb2 Ra8 32. Nxc4 Qxc4 33. Ka1
Qxc3+ 34. Rb2 b5 35. Bxg7 Kxg7 36. Rd1 Kg8 37. f4 b4 38. Qg3 Qc4 39. Qb3 Qxf4
40. Qf3 Qxe5 41. Qxa8+ Kg7 42. Rf1 Kh6 43. Qf8+ Kh5 44. Qf3+ 1-0

[Event "AUTO-OPEN-1427"]
[Site "http://www.queenalice.com/game.php?id=607415"]
[Date "2009.6.22"]
[Round "2"]
[White "ajitroyal"]
[Black "chosadei"]
[Result "1-0"]
[WhiteElo "2032"]
[BlackElo "2105"]

1. e4 d6 2. d4 g6 3. c4 Bg7 4. Nf3 Nf6 5. Nc3 c6 6. Bg5 Nbd7 7. Be2 O-O 8. O-O
b6 9. Re1 Bb7 10. d5 cxd5 11. exd5 1-0

[Event "AUTO-OPEN-1427"]
[Site "http://www.queenalice.com/game.php?id=607416"]
[Date "2009.6.22"]
[Round "2"]
[White "chosadei"]
[Black "ajitroyal"]
[Result "0-1"]
[WhiteElo "2088"]
[BlackElo "2073"]

1. e4 c5 2. Nc3 Nc6 3. g3 g6 4. Bg2 Bg7 5. Nge2 Nf6 6. d4 cxd4 7. Nxd4 O-O 8.
Nxc6 bxc6 9. O-O d5 10. exd5 cxd5 11. Nxd5 Nxd5 12. Bxd5 Rb8 13. Bb3 Bh3 14.
Qxd8 Rfxd8 15. Re1 e6 16. Bf4 Rb7 17. c3 Rbd7 0-1

[Event "AUTO-OPEN-1467"]
[Site "http://www.queenalice.com/game.php?id=636819"]
[Date "2009.8.15"]
[Round "2"]
[White "ajitroyal"]
[Black "rob0330"]
[Result "1-0"]
[WhiteElo "2096"]
[BlackElo "1823"]

1. e4 e6 2. d4 d5 3. Nc3 Bb4 4. Qg4 g6 5. e5 Bxc3+ 6. bxc3 Ne7 7. Bh6 Nf5 8. Qf4
Nxh6 9. Qxh6 Bd7 10. Qg7 Ke7 11. Qf6+ 1-0

[Event "AUTO-OPEN-1467"]
[Site "http://www.queenalice.com/game.php?id=643034"]
[Date "2009.8.27"]
[Round "3"]
[White "ajitroyal"]
[Black "SubRoger"]
[Result "0-1"]
[WhiteElo "2044"]
[BlackElo "1929"]

1. e4 e6 2. d4 d5 3. exd5 exd5 4. Nf3 Nf6 5. Bb5+ c6 6. Ba4 Bd6 7. O-O O-O 8.
Re1 Bg4 9. h3 Bh5 10. Bg5 Nbd7 11. Re3 Qc7 12. Nbd2 h6 13. Bxf6 Nxf6 14. Qf1 Bf4
15. Re2 Bxd2 16. Rxd2 Bxf3 17. gxf3 Qa5 18. Re2 Qxa4 19. c3 Rfe8 20. b3 Qa5 21.
Rxe8+ Rxe8 22. Qd3 Qd8 23. Kh1 Nh7 24. Rg1 Qh4 25. Rg3 Ng5 0-1

[Event "AUTO-OPEN-1467"]
[Site "http://www.queenalice.com/game.php?id=643035"]
[Date "2009.8.27"]
[Round "3"]
[White "SubRoger"]
[Black "ajitroyal"]
[Result "1-0"]
[WhiteElo "1907"]
[BlackElo "2066"]

1. e4 c5 2. Nf3 Nc6 3. c3 d5 4. e5 Bg4 5. Bb5 Qc7 6. Qe2 O-O-O 7. Bxc6 Qxc6 8.
h3 Bh5 9. d4 f6 10. Bf4 e6 11. Nbd2 f5 12. O-O Be7 13. Rfc1 h6 14. b3 g5 15. Bh2
Bg6 16. c4 Kb8 17. cxd5 Qxd5 18. dxc5 g4 19. c6 bxc6 20. Rd1 gxf3 21. Nxf3 Qb5
22. Qb2 Rd5 23. Rac1 Bc5 24. a4 Qb4 25. Rxd5 1-0

[Event "Challenge"]
[Site "http://www.queenalice.com/game.php?id=659162"]
[Date "2009.9.27"]
[Round "-"]
[White "avinashroyal"]
[Black "ajitroyal"]
[Result "0-1"]
[WhiteElo "1664"]
[BlackElo "2108"]

1. a4 e5 2. d4 exd4 3. Qxd4 Nc6 4. Qd1 Nf6 5. Bd2 Bc5 6. e3 O-O 7. Nf3 d5 8. c3
Bg4 9. h3 Bh5 10. Be2 Ne4 11. O-O Ne7 12. b4 Bd6 13. Bd3 c6 14. Qc2 Bxf3 15.
gxf3 Ng5 16. h4 Nxf3+ 17. Kg2 Nxh4+ 18. Kh1 Qd7 0-1

[Event "Challenge"]
[Site "http://www.queenalice.com/game.php?id=659170"]
[Date "2009.9.27"]
[Round "-"]
[White "ajitroyal"]
[Black "avinashroyal"]
[Result "0-1"]
[WhiteElo "2110"]
[BlackElo "1643"]

1. e4 c5 2. Nf3 d6 3. d4 cxd4 4. Nxd4 e5 5. Nb3 Qc7 6. Nc3 a6 7. Be3 Be6 8. Qd2
Nf6 9. Na4 Nbd7 10. f3 d5 11. exd5 Nxd5 12. O-O-O Bb4 13. Qf2 O-O 14. g4 Rac8
15. Bd3 Rfe8 16. Kb1 b5 17. Nac5 Bxc5 18. Bxc5 Nxc5 19. Nxc5 Qxc5 20. Qh4 h6 21.
g5 Qe3 22. Rhg1 Qf4 23. Qh5 g6 24. Qxh6 Ne3 25. Rde1 Nf5 26. Qh3 Nd4 27. Qg2 Bd5
28. Be4 Bxe4 29. fxe4 Kg7 30. Rgf1 Qh4 31. Rf2 Ne6 32. Ref1 Nxg5 33. Rf6 Re6 34.
R6f3 Nxf3 0-1

[Event "AUTO-OPEN-1427"]
[Site "http://www.queenalice.com/game.php?id=661507"]
[Date "2009.10.2"]
[Round "3"]
[White "Dom81"]
[Black "ajitroyal"]
[Result "1-0"]
[WhiteElo "2464"]
[BlackElo "2011"]

1. d4 e6 2. c4 Nf6 3. Nf3 d5 4. Nc3 c5 5. cxd5 Nxd5 6. e4 cxd4 7. Qxd4 Nxc3 8.
Qxc3 Nc6 9. a3 f6 10. Be3 Qa5 11. b4 Qa4 12. Be2 Be7 13. O-O O-O 14. Rfd1 Rd8
15. b5 Na5 16. Rxd8+ Bxd8 17. Rd1 Be7 18. Bc5 Kf7 19. Bxe7 Kxe7 20. Qc7+ 1-0

[Event "AUTO-OPEN-1427"]
[Site "http://www.queenalice.com/game.php?id=661508"]
[Date "2009.10.2"]
[Round "3"]
[White "ajitroyal"]
[Black "Dom81"]
[Result "0-1"]
[WhiteElo "2001"]
[BlackElo "2447"]

1. e4 e6 2. d4 d5 3. exd5 exd5 4. Nf3 Bd6 5. Bb5+ c6 6. Ba4 Nf6 7. O-O O-O 8.
Re1 Bf5 9. Bg5 Nbd7 10. Nbd2 Qb6 11. Bb3 Rfe8 12. Bxf6 Rxe1+ 13. Qxe1 Nxf6 14.
c3 c5 15. dxc5 Bxc5 16. h3 a5 17. Nh4 Bd3 18. Ndf3 a4 19. Bd1 Qxb2 0-1